[Event "Portugal Open 2019"]
[Site "Lisbon"]
[Date "2019.02.08"]
[Round "8.40"]
[White "Sousa, Hugo Carneiro"]
[Black "Rego, Pedro Filipe"]
[Result "0-1"]
[WhiteElo "2097"]
[BlackElo "2228"]
[Annotator "TA"]
[PlyCount "68"]
[EventDate "2019.01.25"]
[EventType "swiss"]
[EventCountry "POR"]
[SourceTitle "playchess.com"]
[Source "ChessBase"]
[SourceQuality "1"]

{[%evp 15,68,6,18,8,12,0,20,0,-5,0,0,-17,16,12,69,0,0,0,28,26,21,21,22,20,35,26,33,30,20,-47,-47,-53,-36,-51,-20,-54,-45,-51,-46,-49,-43,-33,27,0,0,-31,0,0,0,0,0,0,0,0,0]} 1. e4 c6 2. d4 d5 3. Nd2 dxe4 4. Nxe4 Nf6 5. Nxf6+ exf6 6. Nf3 Bd6 7. Be2 O-O 8. O-O Bg4 9. c4 {B15: Caro-Kann: 3 Nc3: 3...g6 and 3...dxe4 4 Nxe4 Nf6 5 Nxf6+ exf6} (9. h3 Bh5 10. Nh4 Bxe2 11. Qxe2 Re8 12. Qd3 Na6 13. Bd2 Nc7 14. Rad1 Ne6 15. Nf3 Qb6 16. c4 Qa6 17. Qc2 c5 {1-0 (59) Atlas,V (2451)-Shengelia,D (2522) Austria 2019}) 9... Nd7 10. Qc2 $146 ({Predecessor:} 10. h3 Bh5 11. Nh4 Bxe2 12. Qxe2 Re8 13. Qg4 g6 14. Nf5 h5 15. Nh6+ Kg7 16. Nf5+ Kg8 17. Nh6+ Kg7 {½-½ (17) Navarro Alonso,J (2161)-Cid Royo,O (2040) Aragon 2013}) 10... Bh5 11. Bd2 Re8 12. Rfe1 Nf8 13. Rad1 Qd7 14. Be3 Qc7 (14... Rac8 $11) 15. h3 (15. c5 $14 Bf4 16. Qf5 Bxe3 17. Qxh5) 15... Rad8 $11 16. Nh4 Bg6 17. Nxg6 hxg6 18. Bf3 Ne6 19. d5 cxd5 20. Bxd5 Be5 21. Re2 ({Of course not} 21. Bxa7 b6 $17) 21... f5 22. f3 ({White must play} 22. Rde1 $1 $11) 22... Nf4 $15 23. Bxf4 $1 Bxf4 24. Rde1 Qc5+ 25. Kf1 Rxe2 26. Qxe2 Bg3 27. Qe3 Qa5 28. Rd1 f4 (28... Bh4 $15) 29. Qc3 Qc7 30. Rd2 Re8 {[%csl Gg3][%cal Re8e1] [#]} 31. Re2 {The position is equal.} Rxe2 32. Kxe2 Qe7+ 33. Kd1 b6 34. Qd2 Qc5 {[%mdl 32768] Accuracy: White = 34%, Black = 52%. . Loss on time!?} 0-1

[Event "Portugal Open 2019"]
[Site "Lisbon"]
[Date "2019.02.09"]
[Round "9.1"]
[White "Bilguun, Sumiya"]
[Black "Iturrizaga Bonelli, Eduardo"]
[Result "1/2-1/2"]
[WhiteElo "2471"]
[BlackElo "2640"]
[Annotator "TA"]
[PlyCount "30"]
[EventDate "2019.01.25"]
[EventType "swiss"]
[EventCountry "POR"]
[SourceTitle "playchess.com"]
[Source "ChessBase"]
[SourceQuality "1"]

{[%evp 13,20,0,0,-10,13,0,4,0,0]} 1. e4 c6 2. d4 d5 3. exd5 cxd5 4. Nf3 Nc6 5. Bd3 Nf6 6. c3 Bg4 7. Nbd2 {[%cal Bb1d2,Bd2f1,Bf1g3][%mdl 32]} e6 {The position is equal.} 8. Nf1 {B13: Caro-Kann: Exchange Variation and Panov-Botvinnik Attack} Bh5 (8... Bd6 9. Ng3 O-O 10. O-O Nh5 11. h3 Nxg3 12. fxg3 Bh5 13. Bf4 Bg6 14. Bxg6 hxg6 15. Ng5 Be7 {1-0 (31) Grachev,B (2653)-Morozevich,A (2665) Serpukhov 2018}) 9. Ng3 Bg6 10. O-O Bd6 {Predecessor:} 11. Re1 $146 Qc7 12. Bb5 O-O 13. Nh4 a6 14. Nxg6 hxg6 15. Bd3 Bf4 {½-½ (42) Huerta,R (2288)-Lobron,E (2500) Merida 2002} 1/2-1/2

[Event "Portugal Open 2019"]
[Site "Lisbon"]
[Date "2019.02.09"]
[Round "9.2"]
[White "Motylev, Alexander"]
[Black "Stefansson, Hannes"]
[Result "1/2-1/2"]
[WhiteElo "2644"]
[BlackElo "2514"]
[Annotator "TA"]
[PlyCount "34"]
[EventDate "2019.01.25"]
[EventType "swiss"]
[EventCountry "POR"]
[SourceTitle "playchess.com"]
[Source "ChessBase"]
[SourceQuality "1"]

{[%evp 16,34,18,4,13,0,10,2,17,0,0,-45,-37,-63,-27,-50,-7,-73,-80,-98,-77]} 1. e4 e5 2. Nf3 Nc6 3. Bb5 a6 4. Ba4 Nf6 5. O-O b5 6. Bb3 Bc5 7. c3 d6 8. Re1 O-O 9. d4 Bb6 {C78: Ruy Lopez: Archangelsk and Möller Defences} 10. Bg5 (10. a4 Bg4 11. dxe5 Nxe5 12. Nbd2 Nd3 13. Rf1 Re8 14. h3 Bh5 15. Bc2 Nc5 16. a5 Ba7 {0-1 (69) McShane,L (2664)-Adams,M (2703) London 2018}) 10... h6 11. Bh4 exd4 {The position is equal.} 12. Nxd4 Ne5 13. Bd5 Rb8 14. Nd2 $146 ({Predecessor:} 14. f4 Ng6 15. Bxf6 Qxf6 16. g3 Ne7 17. e5 dxe5 18. fxe5 Qg5 19. Bg2 Nf5 20. Bc6 Rd8 21. Re4 Nxd4 {0-1 (21) Misecka,R-Rovan,E IECG email 1997}) 14... Bd7 15. N2f3 Ng6 16. Bg3 (16. Nc6 $11 {remains equal.} Bxc6 17. Bxc6) 16... Nxd5 $17 17. exd5 Qf6 1/2-1/2

[Event "Portugal Open 2019"]
[Site "Lisbon"]
[Date "2019.02.09"]
[Round "9.3"]
[White "Petrov, Nikita"]
[Black "Bernadskiy, Vitaliy"]
[Result "1/2-1/2"]
[WhiteElo "2585"]
[BlackElo "2570"]
[Annotator "ChessBase"]
[PlyCount "41"]
[EventDate "2019.01.25"]
[EventType "swiss"]
[EventCountry "POR"]
[SourceTitle "playchess.com"]
[Source "ChessBase"]
[SourceQuality "1"]
[TimeControl "5400+30"]

1. e4 {[%emt 0:00:00]} c6 {[%emt 0:00:00]} 2. Nc3 {[%emt 0:00:16]} d5 {[%emt 0:00:00]} 3. Nf3 {[%emt 0:00:06]} dxe4 {[%emt 0:01:04]} 4. Nxe4 {[%emt 0:00:08]} Nf6 {[%emt 0:00:02]} 5. Qe2 {[%emt 0:00:44]} Nxe4 {[%emt 0:01:39]} 6. Qxe4 {[%emt 0:00:06]} Qd5 {[%emt 0:00:04]} 7. Qh4 {[%emt 0:00:35]} Qe6+ {[%emt 0:00:35]} 8. Be2 {[%emt 0:00:08]} Qg4 {[%emt 0:00:07]} 9. Qg3 {[%emt 0:00:08]} Qxg3 {[%emt 0:03:25]} 10. hxg3 {[%emt 0:00:27]} g6 {[%emt 0:08:49]} 11. d4 {[%emt 0:02:44]} Nd7 {[%emt 0:00:05]} 12. g4 {[%emt 0:07:27]} Bg7 {[%emt 0:09:57]} 13. Bh6 {[%emt 0:01:59]} O-O {[%emt 0:00:10]} 14. O-O-O {[%emt 0:05:46]} Rd8 {[%emt 0:00:28]} 15. c3 {[%emt 0:10:46]} Nf8 {[%emt 0:01:51]} 16. Ng5 {[%emt 0:06:04]} Be6 {[%emt 0:04:52]} 17. Nxe6 {[%emt 0:01:23]} Bxh6+ {[%emt 0:01:18]} 18. Rxh6 {[%emt 0:00:08]} Nxe6 {[%emt 0:00:02]} 19. Bc4 {[%emt 0:02:01]} Kg7 {[%emt 0:01:02]} 20. Rh3 {[%emt 0:02:30]} Nf4 {[%emt 0:02:42]} 21. Rh2 {[%emt 0:08:24]} 1/2-1/2

[Event "Portugal Open 2019"]
[Site "Lisbon"]
[Date "2019.02.09"]
[Round "9.4"]
[White "Hansen, Eric"]
[Black "Miezis, Normunds"]
[Result "1/2-1/2"]
[WhiteElo "2615"]
[BlackElo "2467"]
[Annotator "ChessBase"]
[PlyCount "123"]
[EventDate "2019.01.25"]
[EventType "swiss"]
[EventCountry "POR"]
[SourceTitle "playchess.com"]
[Source "ChessBase"]
[SourceQuality "1"]
[TimeControl "5400+30"]

1. e4 {[%emt 0:00:00]} c5 {[%emt 0:00:00]} 2. Nf3 {[%emt 0:00:02]} e6 {[%emt 0:00:00]} 3. d4 {[%emt 0:00:06]} cxd4 {[%emt 0:00:09]} 4. Nxd4 {[%emt 0:00:06]} a6 {[%emt 0:00:10]} 5. Bd3 {[%emt 0:01:05]} Ne7 {[%emt 0:02:44]} 6. O-O {[%emt 0:01:19]} Nbc6 {[%emt 0:00:38]} 7. Nb3 {[%emt 0:00:38]} g6 {[%emt 0:02:28]} 8. Nc3 {[%emt 0:03:26]} Bg7 {[%emt 0:04:37]} 9. Bf4 {[%emt 0:00:46]} Ne5 {[%emt 0:09:19]} 10. Qd2 {[%emt 0:00:07]} O-O {[%emt 0:06:43]} 11. Bh6 {[%emt 0:03:24]} Bxh6 {[%emt 0:02:41]} 12. Qxh6 {[%emt 0:00:07]} f5 {[%emt 0:00:45]} 13. exf5 {[%emt 0:01:31]} gxf5 {[%emt 0:02:24]} 14. Rae1 {[%emt 0:04:57]} N7g6 {[%emt 0:01:48]} 15. Qd2 {[%emt 0:01:05]} b5 {[%emt 0:06:10]} 16. f4 {[%emt 0:00:16]} Nc4 {[%emt 0:03:02]} 17. Bxc4 {[%emt 0:00:41]} bxc4 {[%emt 0:00:41]} 18. Nc5 {[%emt 0:02:09]} Rb8 {[%emt 0:03:47]} 19. b3 {[%emt 0:02:56]} Qa5 {[%emt 0:04:33]} 20. Qe3 {[%emt 0:06:54]} Rf7 {[%emt 0:07:39]} 21. Rd1 {[%emt 0:03:34]} cxb3 {[%emt 0:02:20]} 22. axb3 {[%emt 0:01:01]} Rb4 {[%emt 0:00:30]} 23. Nd3 {[%emt 0:07:19]} Rb8 {[%emt 0:05:24]} 24. Nb2 {[%emt 0:04:28]} Bb7 {[%emt 0:09:37]} 25. Nc4 {[%emt 0:00:32]} Qc7 {[%emt 0:00:16]} 26. Nd6 {[%emt 0:07:36]} Rg7 {[%emt 0:00:20]} 27. Nxb7 {[%emt 0:00:43]} Qxb7 {[%emt 0:02:56]} 28. Rf2 {[%emt 0:00:07]} Nh4 {[%emt 0:04:58]} 29. g3 {[%emt 0:00:34]} Ng6 {[%emt 0:01:08]} 30. Na4 {[%emt 0:00:09]} Qc6 {[%emt 0:00:53]} 31. Qc5 {[%emt 0:06:00]} Rc8 {[%emt 0:05:15]} 32. Qd4 {[%emt 0:01:32]} h5 {[%emt 0:00:28]} 33. Rd3 {[%emt 0:03:01]} Qe4 {[%emt 0:00:28]} 34. Qxe4 {[%emt 0:15:55]} fxe4 {[%emt 0:00:07]} 35. Rd6 {[%emt 0:00:44]} e3 {[%emt 0:01:50]} 36. Rg2 {[%emt 0:00:27]} h4 {[%emt 0:02:47]} 37. Kf1 {[%emt 0:05:49]} Rf8 {[%emt 0:00:40]} 38. Rd1 {[%emt 0:09:58]} h3 {[%emt 0:02:26]} 39. Rg1 {[%emt 0:00:10]} e5 {[%emt 0:02:19]} 40. Ke2 {[%emt 0:00:05]} exf4 {[%emt 0:00:38]} 41. gxf4 {[%emt 0:00:29]} Nxf4+ {[%emt 0:00:45]} 42. Kxe3 {[%emt 0:00:06]} Ng2+ {[%emt 0:00:31]} 43. Kd4 {[%emt 0:00:22]} Rf2 {[%emt 0:01:08]} 44. Rd3 {[%emt 0:01:56]} Rxc2 {[%emt 0:01:12]} 45. Rxh3 {[%emt 0:00:11]} Kf8 {[%emt 0:00:53]} 46. Nc3 {[%emt 0:04:52]} Rd2+ {[%emt 0:00:43]} 47. Kc5 {[%emt 0:00:18]} Rg5+ {[%emt 0:01:04]} 48. Kb6 {[%emt 0:00:23]} Rg6+ {[%emt 0:00:14]} 49. Kc7 {[%emt 0:00:41]} d5 {[%emt 0:00:27]} 50. Kd7 {[%emt 0:02:38]} Rf2 {[%emt 0:01:00]} 51. Rh7 {[%emt 0:01:14]} Rff6 {[%emt 0:00:54]} 52. Ne2 {[%emt 0:00:48]} Rc6 {[%emt 0:00:36]} 53. Rf1+ {[%emt 0:00:21]} Kg8 {[%emt 0:00:03]} 54. Rh3 {[%emt 0:00:44]} Rcd6+ {[%emt 0:00:42]} 55. Kc7 {[%emt 0:00:09]} Rc6+ {[%emt 0:00:34]} 56. Kd7 {[%emt 0:00:24]} Rcd6+ {[%emt 0:00:44]} 57. Kc7 {[%emt 0:00:01]} d4 {[%emt 0:00:39]} 58. Rg3 {[%emt 0:00:43]} d3 {[%emt 0:00:19]} 59. Nf4 {[%emt 0:01:13]} Nxf4 {[%emt 0:00:43]} 60. Rxf4 {[%emt 0:00:34]} Rc6+ {[%emt 0:00:20]} 61. Kd7 {[%emt 0:00:12]} Rxg3 {[%emt 0:00:33]} 62. Kxc6 {[%emt 0:00:37]} 1/2-1/2

[Event "Portugal Open 2019"]
[Site "Lisbon"]
[Date "2019.02.09"]
[Round "9.5"]
[White "Terrieux, Kevin"]
[Black "Xu, Xiangyu"]
[Result "1/2-1/2"]
[WhiteElo "2459"]
[BlackElo "2565"]
[Annotator "TA"]
[PlyCount "39"]
[EventDate "2019.01.25"]
[EventType "swiss"]
[EventCountry "POR"]
[SourceTitle "playchess.com"]
[Source "ChessBase"]
[SourceQuality "1"]

{[%evp 9,39,24,32,7,8,-6,-1,-28,-20,-16,-3,-10,-1,-11,36,19,28,29,30,4,21,17,25,9,19,18,20,17,14,20,28,0]} 1. d4 Nf6 2. c4 g6 3. Nc3 d5 4. Bg5 c5 (4... Ne4 5. Bh4 Bg7 6. cxd5 Nxc3 7. bxc3 Qxd5 8. e3 Qa5 9. Qd2 b6 10. Be2 Nd7 11. Bf3 Rb8 12. Ne2 Bb7 13. Bxb7 Rxb7 {½-½ (48) Xiong,J (2675)-Sasikiran,K (2671) Saint Louis 2018}) 5. Bxf6 exf6 6. e3 {D80: Grünfeld: Unusual White 4th moves and 4 Bg5} (6. cxd5 {is more complex.} Qb6 7. e3 cxd4 8. Qxd4 Qxd4 9. exd4 Bg7 10. Bb5+) 6... dxc4 7. Bxc4 $146 ({Predecessor:} 7. Qa4+ Bd7 8. Qxc4 cxd4 9. Qxd4 Nc6 10. Qe4+ Qe7 11. Bd3 Ne5 12. Nd5 Qd8 13. Nf3 Be6 14. Bb5+ Nc6 15. Bxc6+ bxc6 16. Nxf6+ Ke7 17. Rd1 Qa5+ 18. b4 {1-0 (18) Grosse,T (1627)-Grimault,N (1820) Saint Affrique 2014}) 7... cxd4 8. Qxd4 {The position is equal.} (8. exd4 {looks sharper.} Bd6 9. Nf3 O-O 10. O-O Bg4 11. h3) 8... Qxd4 9. exd4 Bb4 10. Nge2 Nd7 11. a3 Bxc3+ 12. Nxc3 Nb6 13. Bb3 O-O 14. O-O-O Bf5 15. Rhe1 Rfe8 16. Bc2 Bxc2 17. Kxc2 Kf8 18. Rxe8+ Rxe8 19. Kd3 Rd8 20. Re1 {Accuracy: White = 47%, Black = 69%.} 1/2-1/2

[Event "Portugal Open 2019"]
[Site "Lisbon"]
[Date "2019.02.09"]
[Round "9.6"]
[White "David, Alberto"]
[Black "Thorhallsson, Throstur"]
[Result "1/2-1/2"]
[WhiteElo "2560"]
[BlackElo "2425"]
[Annotator "ChessBase"]
[PlyCount "59"]
[EventDate "2019.01.25"]
[EventType "swiss"]
[EventCountry "POR"]
[SourceTitle "playchess.com"]
[Source "ChessBase"]
[SourceQuality "1"]
[TimeControl "5400+30"]

1. e4 {[%emt 0:00:31]} c5 {[%emt 0:00:17]} 2. Nf3 {[%emt 0:00:10]} d6 {[%emt 0:00:35]} 3. Bb5+ {[%emt 0:00:52]} Bd7 {[%emt 0:01:00]} 4. c4 {[%emt 0:00:20]} Nc6 {[%emt 0:02:03]} 5. Nc3 {[%emt 0:00:26]} g6 {[%emt 0:00:58]} 6. d4 {[%emt 0:00:18]} cxd4 {[%emt 0:00:19]} 7. Nxd4 {[%emt 0:00:07]} Bg7 {[%emt 0:00:13]} 8. Be3 {[%emt 0:00:08]} Nf6 {[%emt 0:00:40]} 9. h3 {[%emt 0:04:23]} O-O {[%emt 0:01:19]} 10. O-O {[%emt 0:01:48]} a6 {[%emt 0:09:58]} 11. Bxc6 {[%emt 0:00:40]} bxc6 {[%emt 0:01:25]} 12. c5 {[%emt 0:07:41]} Qb8 {[%emt 0:06:11]} 13. Qd2 {[%emt 0:11:07]} Rd8 {[%emt 0:07:15]} 14. cxd6 {[%emt 0:02:02]} exd6 {[%emt 0:01:42]} 15. Rfe1 {[%emt 0:12:07]} c5 {[%emt 0:11:01]} 16. Nf3 {[%emt 0:16:13]} Bc6 {[%emt 0:03:09]} 17. Bh6 {[%emt 0:00:12]} Re8 {[%emt 0:09:57]} 18. Bxg7 {[%emt 0:00:15]} Kxg7 {[%emt 0:00:05]} 19. Qc2 {[%emt 0:05:57]} Ra7 {[%emt 0:04:28]} 20. Re3 {[%emt 0:01:01]} Rae7 {[%emt 0:01:29]} 21. Rae1 {[%emt 0:00:12]} Qb7 {[%emt 0:01:11]} 22. Nd2 {[%emt 0:02:26]} d5 {[%emt 0:03:34]} 23. exd5 {[%emt 0:00:30]} Rxe3 {[%emt 0:00:20]} 24. Rxe3 {[%emt 0:00:05]} Rxe3 {[%emt 0:00:16]} 25. fxe3 {[%emt 0:00:04]} Bxd5 {[%emt 0:01:01]} 26. Nxd5 {[%emt 0:08:15]} Qxd5 {[%emt 0:00:19]} 27. b3 {[%emt 0:02:25]} Kg8 {[%emt 0:06:10]} 28. Qc3 {[%emt 0:06:19]} Ne4 {[%emt 0:01:19]} 29. Nxe4 {[%emt 0:00:06]} Qxe4 {[%emt 0:00:04]} 30. Qxc5 {[%emt 0:03:49]} 1/2-1/2

[Event "Portugal Open 2019"]
[Site "Lisbon"]
[Date "2019.02.09"]
[Round "9.7"]
[White "Yankelevich, Lev"]
[Black "Christiansen, Johan-Sebastian"]
[Result "1/2-1/2"]
[WhiteElo "2445"]
[BlackElo "2559"]
[Annotator "ChessBase"]
[PlyCount "83"]
[EventDate "2019.01.25"]
[EventType "swiss"]
[EventCountry "POR"]
[SourceTitle "playchess.com"]
[Source "ChessBase"]
[SourceQuality "1"]
[TimeControl "5400+30"]

1. d4 Nf6 {[%emt 0:07:35]} 2. c4 {[%emt 0:00:47]} e6 {[%emt 0:00:11]} 3. Nc3 {[%emt 0:00:04]} Bb4 {[%emt 0:00:11]} 4. Qc2 {[%emt 0:00:38]} O-O {[%emt 0:00:05]} 5. a3 {[%emt 0:00:05]} Bxc3+ {[%emt 0:00:08]} 6. Qxc3 {[%emt 0:00:04]} d5 {[%emt 0:00:16]} 7. Nf3 {[%emt 0:00:21]} dxc4 {[%emt 0:00:06]} 8. Qxc4 {[%emt 0:00:06]} b6 {[%emt 0:00:01]} 9. Rg1 {[%emt 0:03:24]} Ba6 {[%emt 0:01:24]} 10. Qa4 {[%emt 0:02:20]} Qd7 {[%emt 0:17:42]} 11. Qxd7 {[%emt 0:03:49]} Nbxd7 {[%emt 0:00:03]} 12. g4 {[%emt 0:00:06]} c5 {[%emt 0:05:05]} 13. g5 {[%emt 0:01:53]} Ne8 {[%emt 0:02:30]} 14. Bf4 {[%emt 0:15:53]} Rc8 {[%emt 0:05:03]} 15. Rd1 {[%emt 0:03:45]} Nc7 {[%emt 0:06:53]} 16. dxc5 {[%emt 0:11:13]} Nxc5 {[%emt 0:00:14]} 17. Bd6 {[%emt 0:00:09]} Rfe8 {[%emt 0:02:14]} 18. Bxc5 {[%emt 0:00:18]} bxc5 {[%emt 0:00:02]} 19. Rc1 {[%emt 0:01:09]} Nd5 {[%emt 0:09:05]} 20. e3 {[%emt 0:05:12]} Bxf1 {[%emt 0:16:20]} 21. Kxf1 {[%emt 0:01:17]} Rb8 {[%emt 0:00:06]} 22. Rc2 {[%emt 0:00:06]} Rb3 {[%emt 0:00:45]} 23. Nd2 {[%emt 0:11:13]} Rxe3 {[%emt 0:00:08]} 24. Rg3 {[%emt 0:00:06]} Rxg3 {[%emt 0:01:58]} 25. hxg3 {[%emt 0:00:20]} Rb8 {[%emt 0:02:09]} 26. Rxc5 {[%emt 0:00:13]} h6 {[%emt 0:00:02]} 27. b4 {[%emt 0:03:40]} hxg5 {[%emt 0:00:07]} 28. Nf3 {[%emt 0:00:03]} g4 {[%emt 0:11:22]} 29. Ne5 {[%emt 0:00:06]} Rb7 {[%emt 0:00:10]} 30. Rc8+ {[%emt 0:08:26]} Kh7 {[%emt 0:00:02]} 31. Rc6 {[%emt 0:00:14]} f6 {[%emt 0:04:00]} 32. Nxg4 {[%emt 0:01:04]} a5 {[%emt 0:00:26]} 33. bxa5 {[%emt 0:00:55]} Rb1+ {[%emt 0:00:06]} 34. Kg2 {[%emt 0:02:45]} Ra1 {[%emt 0:00:11]} 35. Rxe6 {[%emt 0:00:10]} Rxa3 {[%emt 0:00:04]} 36. Ra6 {[%emt 0:00:07]} Ra4 {[%emt 0:03:23]} 37. Kf3 {[%emt 0:00:57]} Nb4 {[%emt 0:02:24]} 38. Ra7 {[%emt 0:02:22]} Nc6 {[%emt 0:01:22]} 39. Rc7 {[%emt 0:00:06]} Nd4+ {[%emt 0:00:08]} 40. Kg2 {[%emt 0:00:50]} Kg6 {[%emt 0:00:34]} 41. Rd7 {[%emt 0:01:58]} Nf5 {[%emt 0:01:37]} 42. Nh2 {[%emt 0:01:37]} 1/2-1/2

[Event "Portugal Open 2019"]
[Site "Lisbon"]
[Date "2019.02.09"]
[Round "9.8"]
[White "Annaberdiev, Meilis"]
[Black "Pantzar, Milton"]
[Result "1-0"]
[WhiteElo "2522"]
[BlackElo "2331"]
[Annotator "ChessBase"]
[PlyCount "149"]
[EventDate "2019.01.25"]
[EventType "swiss"]
[EventCountry "POR"]
[SourceTitle "playchess.com"]
[Source "ChessBase"]
[SourceQuality "1"]
[TimeControl "5400+30"]

1. e4 {[%emt 0:00:16]} e5 {[%emt 0:00:00]} 2. Nf3 {[%emt 0:00:07]} Nc6 {[%emt 0:00:05]} 3. Bb5 {[%emt 0:00:06]} a6 {[%emt 0:00:15]} 4. Ba4 {[%emt 0:00:05]} Nf6 {[%emt 0:00:34]} 5. O-O {[%emt 0:00:06]} Be7 {[%emt 0:00:28]} 6. d3 {[%emt 0:00:04]} d6 {[%emt 0:01:37]} 7. c3 {[%emt 0:00:04]} O-O {[%emt 0:01:33]} 8. Nbd2 {[%emt 0:00:06]} b5 {[%emt 0:03:40]} 9. Bc2 {[%emt 0:00:07]} d5 {[%emt 0:00:49]} 10. Re1 {[%emt 0:00:11]} d4 {[%emt 0:01:50]} 11. Nb3 {[%emt 0:00:09]} Bg4 {[%emt 0:06:48]} 12. h3 {[%emt 0:02:02]} Bh5 {[%emt 0:12:52]} 13. cxd4 {[%emt 0:00:48]} Bxf3 {[%emt 0:07:45]} 14. Qxf3 {[%emt 0:00:10]} exd4 {[%emt 0:01:03]} 15. e5 {[%emt 0:16:11]} Nd5 {[%emt 0:01:06]} 16. a3 {[%emt 0:00:19]} a5 {[%emt 0:15:24]} 17. Qg4 {[%emt 0:11:39]} Qc8 {[%emt 0:05:37]} 18. Qe4 {[%emt 0:00:06]} Rd8 {[%emt 0:01:45]} 19. Nd2 {[%emt 0:00:19]} a4 {[%emt 0:04:47]} 20. Nf3 {[%emt 0:00:13]} Qe6 {[%emt 0:04:28]} 21. Bd2 {[%emt 0:00:41]} h6 {[%emt 0:10:19]} 22. h4 {[%emt 0:04:22]} Bc5 {[%emt 0:02:29]} 23. Rac1 {[%emt 0:03:22]} Bb6 {[%emt 0:01:29]} 24. Bb1 {[%emt 0:00:43]} Nde7 {[%emt 0:00:48]} 25. h5 {[%emt 0:01:38]} Na5 {[%emt 0:03:34]} 26. Bb4 {[%emt 0:01:19]} Rac8 {[%emt 0:05:09]} 27. Bxe7 {[%emt 0:04:00]} Qxe7 {[%emt 0:00:05]} 28. Ba2 {[%emt 0:00:02]} c5 {[%emt 0:00:47]} 29. e6 {[%emt 0:00:42]} c4 {[%emt 0:01:36]} 30. exf7+ {[%emt 0:00:20]} Qxf7 {[%emt 0:00:05]} 31. Ne5 {[%emt 0:00:02]} Qe6 {[%emt 0:02:40]} 32. dxc4 {[%emt 0:01:36]} bxc4 {[%emt 0:00:38]} 33. Rxc4 {[%emt 0:04:43]} Nxc4 {[%emt 0:01:15]} 34. Nxc4 {[%emt 0:00:02]} Qxe4 {[%emt 0:00:36]} 35. Rxe4 {[%emt 0:02:46]} Kh8 {[%emt 0:00:46]} 36. Nxb6 {[%emt 0:00:52]} Rc1+ {[%emt 0:00:15]} 37. Kh2 {[%emt 0:00:05]} d3 {[%emt 0:00:15]} 38. Nxa4 {[%emt 0:01:53]} d2 {[%emt 0:02:00]} 39. Bb3 {[%emt 0:00:01]} Rb8 {[%emt 0:01:21]} 40. Bd1 {[%emt 0:10:25]} Rxd1 {[%emt 0:00:23]} 41. Rd4 {[%emt 0:00:01]} Rc1 {[%emt 0:00:57]} 42. Rxd2 {[%emt 0:00:10]} Rc4 {[%emt 0:00:13]} 43. b4 {[%emt 0:01:13]} Rh4+ {[%emt 0:00:42]} 44. Kg3 {[%emt 0:00:05]} Rxh5 {[%emt 0:00:03]} 45. Nc5 {[%emt 0:00:09]} Rg5+ {[%emt 0:00:27]} 46. Kh2 {[%emt 0:00:23]} Rg4 {[%emt 0:00:46]} 47. Rd7 {[%emt 0:02:11]} Ra8 {[%emt 0:00:36]} 48. f3 {[%emt 0:01:27]} Rc4 {[%emt 0:00:21]} 49. Rd3 {[%emt 0:01:14]} Kg8 {[%emt 0:00:49]} 50. Kh3 {[%emt 0:03:21]} Ra7 {[%emt 0:00:17]} 51. Rb3 {[%emt 0:00:16]} Ra8 {[%emt 0:00:28]} 52. Rd3 {[%emt 0:01:15]} Ra7 {[%emt 0:00:10]} 53. Kg3 {[%emt 0:00:05]} Kf7 {[%emt 0:00:31]} 54. Rb3 {[%emt 0:00:09]} Ke7 {[%emt 0:00:48]} 55. a4 {[%emt 0:00:22]} Kd6 {[%emt 0:00:26]} 56. Ne4+ {[%emt 0:01:11]} Ke5 {[%emt 0:00:21]} 57. a5 {[%emt 0:00:12]} Rc2 {[%emt 0:00:52]} 58. Rb1 {[%emt 0:03:37]} Ra6 {[%emt 0:00:29]} 59. Kh3 {[%emt 0:00:50]} Kf4 {[%emt 0:00:35]} 60. Rb3 {[%emt 0:00:33]} g5 {[%emt 0:00:36]} 61. Nc5 {[%emt 0:00:55]} Ra8 {[%emt 0:00:26]} 62. a6 {[%emt 0:00:47]} h5 {[%emt 0:00:35]} 63. Nd3+ {[%emt 0:00:34]} Kf5 {[%emt 0:00:09]} 64. b5 {[%emt 0:00:24]} g4+ {[%emt 0:00:15]} 65. fxg4+ {[%emt 0:00:05]} hxg4+ {[%emt 0:00:07]} 66. Kg3 {[%emt 0:00:02]} Rcc8 {[%emt 0:01:10]} 67. Nb4 {[%emt 0:06:45]} Rcb8 {[%emt 0:00:21]} 68. Nc6 {[%emt 0:01:24]} Rb6 {[%emt 0:00:10]} 69. Re3 {[%emt 0:01:25]} Kf6 {[%emt 0:01:09]} 70. Nd4 {[%emt 0:00:15]} Rd8 {[%emt 0:00:36]} 71. Re4 {[%emt 0:00:08]} Rbd6 {[%emt 0:00:22]} 72. Rf4+ {[%emt 0:03:09]} Kg6 {[%emt 0:00:43]} 73. Nc6 {[%emt 0:00:09]} Rd3+ {[%emt 0:00:23]} 74. Kxg4 {[%emt 0:00:32]} Re8 {[%emt 0:00:07]} 75. a7 {[%emt 0:00:52]} 1-0

[Event "Portugal Open 2019"]
[Site "Lisbon"]
[Date "2019.02.09"]
[Round "9.9"]
[White "Alshameary Puente, Ismael"]
[Black "Jakubowski, Krzysztof"]
[Result "0-1"]
[WhiteElo "2418"]
[BlackElo "2514"]
[Annotator "RC"]
[PlyCount "82"]
[EventDate "2019.01.25"]
[EventType "swiss"]
[EventCountry "POR"]
[SourceTitle "playchess.com"]
[Source "ChessBase"]
[SourceQuality "1"]
[TimeControl "5400+30"]

1. d4 {[%emt 0:07:35]} Nf6 {[%emt 0:00:00]} 2. c4 {[%emt 0:00:04]} e6 {[%emt 0:00:02]} 3. Nc3 {[%emt 0:00:03]} Bb4 {[%emt 0:00:08]} 4. e3 {[%emt 0:00:03]} O-O {[%emt 0:00:11]} 5. Nge2 {[%emt 0:00:59]} c6 {[%emt 0:00:12]} 6. a3 {[%emt 0:00:05]} Ba5 {[%emt 0:00:04]} 7. Bd2 {[%emt 0:06:21]} d5 {[%emt 0:00:33]} 8. Ng3 {[%emt 0:04:17]} Nbd7 {[%emt 0:00:24]} 9. cxd5 {[%emt 0:04:19]} exd5 {[%emt 0:01:04]} 10. Bd3 {[%emt 0:01:07]} Bc7 {[%emt 0:02:09]} 11. Qc2 {[%emt 0:04:51]} Re8 {[%emt 0:02:27]} 12. Nce2 {[%emt 0:04:06]} a5 {[%emt 0:09:17]} 13. O-O {[%emt 0:04:22]} g6 {[%emt 0:03:34]} 14. f3 {[%emt 0:02:34]} Bb6 {[%emt 0:05:22]} 15. b4 {[%emt 0:05:06]} Qe7 {[%emt 0:06:47]} 16. Rfc1 {[%emt 0:04:33]} axb4 {[%emt 0:18:04]} 17. axb4 {[%emt 0:01:44]} Rxa1 {[%emt 0:00:11]} 18. Rxa1 {[%emt 0:00:02]} Bc7 {[%emt 0:00:17]} 19. Nf1 {[%emt 0:09:05]} Bd6 {[%emt 0:03:39]} 20. Qc3 {[%emt 0:03:40]} Nb6 {[%emt 0:01:30]} 21. b5 {[%emt 0:00:43]} cxb5 {[%emt 0:02:27]} 22. Bxb5 {[%emt 0:00:07]} Bd7 {[%emt 0:00:03]} 23. Rb1 {[%emt 0:02:10]} Rc8 {[%emt 0:01:30]} 24. Qa5 {[%emt 0:05:28]} Bxb5 {[%emt 0:02:16]} 25. Qxb5 {[%emt 0:05:48]} Nc4 {[%emt 0:00:23]} 26. Bb4 {[%emt 0:00:10]} b6 {[%emt 0:01:41]} 27. Qa6 {[%emt 0:04:19]} Rc7 {[%emt 0:06:08]} 28. Bxd6 {[%emt 0:01:23]} Qxd6 {[%emt 0:00:05]} 29. Rb3 {[%emt 0:04:58]} Kg7 {[%emt 0:03:46]} 30. Nc3 {[%emt 0:00:37]} Qc6 {[%emt 0:01:35]} 31. Na4 {[%emt 0:07:29]} Qe6 {[%emt 0:01:36]} 32. Nb2 {[%emt 0:01:08]} Rc6 {[%emt 0:03:07]} 33. Qb5 {[%emt 0:00:10]} Na5 {[%emt 0:01:03]} 34. Rb4 {[%emt 0:02:21]} Ne8 {[%emt 0:01:54]} 35. Nd3 {[%emt 0:01:33]} Nd6 {[%emt 0:02:23]} 36. Qa4 {[%emt 0:00:15]} Nf5 {[%emt 0:00:34]} 37. Ne5 {[%emt 0:02:26]} Rc1 {[%emt 0:01:38]} 38. Qa3 {[%emt 0:00:44]} Qc8 {[%emt 0:01:15]} 39. Rxb6 {[%emt 0:00:54]} Rd1 {[%emt 0:05:01]} 40. g4 {[%emt 0:01:07]} Nc4 {[%emt 0:03:38]} 41. Qa4 {[%emt 0:01:04]} Nfxe3 {[%emt 0:00:49]} 0-1